Sarıkamış: (Record no. 14091)

MARC details
000 -BAŞLIK
Sabit Uzunlukta Kontrol Alanı 00633nam a22002297a 4500
999 ## - SİSTEM KONTROL NUMARALARI (KOHA)
Koha Biblionumber 14091
Koha Biblioitemnumber 14091
003 - KONTROL NUMARASI IDENTIFIER
Denetim Alanı MIRAKIL
005 - SON İŞLEM TARİHİ VE ZAMANI
Denetim Alanı 20201009141511.0
008 - SABİT-BOY VERİ ELEMANLARI - GENEL BİLGİLER
Sabit Uzunlukta Kontrol Alanı 201009b tu ||||| |||| 00| 0 tur d
020 ## - ULUSLARARASI STANDART KİTAP NUMARASI
Uluslararası Standart Kitap Numarası 9752633560
040 ## - KATALOGLAMA KAYNAK
Orijinal Kataloglama Ajansı TR-AnCHP
Metne Dönüştürmek Ajansı TR-AnCHP
041 ## - DİL KODU
Metin / Ses Parça Veya Ayrı Başlığın Dil Kodu tur
082 ## - DEWEY ONLU SINIFLANDIRMA NUMARASI
Sınıflandırma Numarası 813.42
Ürün Numarası B54s 2006
100 ## - ANA GİRİŞ - KİŞİSEL İSİM
Kişisel Ad Bilgin, İsmail
245 10 - BAŞLIK TABLOSU
Başlık Sarıkamış:
Başlığın Kalan Beyaz hüzün/
Sorumluluk Tablosu, Vb İsmail Bilgin.
246 ## - UNVAN FORM VARYING
Başlık Doğru / Kısa Başlığı Beyaz hüzün
260 ## - YAYIN, DAĞITIM, VB
Yayın, Dağıtım, Vb Yeri İstanbul:
Yayıncı, Dağıtıcı, Vs Adı Timaş yayınları,
Yayın, Dağıtım, Vb Tarihi 2006.
300 ## - FİZİKSEL TANIM
Kapsam 299 s.:
Diğer Fiziksel Ayrıntıları fotg., hrt.;
Boyutlar 21 sm.
504 ## - KAYNAKÇA VB NOT
Kaynakça Vb Notu Kaynakça vardır.
650 #0 - KONU KATMA GİRİŞ - TOPİKAL DÖNEM
9 (RLIN) 19
Topikal Süreli Veya Coğrafi Ad Giriş Elemanı Türk edebiyatı
Genel Alt Bölümü Roman
740 ## - KATMA GİRİŞ - KONTROLSUZ İLGİLİ / ANALİTİK BAŞLIK
Kontrol Edilmeyen / İlgili Analitik Başlıktaki Beyaz hüzün
942 ## - EKLENDİ GİRİŞ ELEMANLARI (KOHA)
Sınıflandırma Veya Raf Düzeni Kaynak Dewey Decimal Classification
Koha Öğesi Türü Books
Holdings
Kalıcı Konum Mevcut Konum Edinme Tarihi Toplam Check-Out'Lar Tam Çağrı Numarası Barkod Tarih Son Görülme Tarihi Geçen Teslim İtibaren Geçerli Fiyatlar Sigara Kamu Notu Koha Öğesi Türü
CHP Kütüphanesi CHP Kütüphanesi 10/09/2020 1 813.42 B54s 2006 019597 03/11/2021 12/24/2020 10/09/2020 Emine Başak Alkan Bağışıdır. Books